[Event "SSKK 60 jub corr"]
[Site "Sweden"]
[Date "1998.??.??"]
[Round "?"]
[White "Fries Nielsen, Jens Ove"]
[Black "Holmberg, Rune"]
[Result "1/2-1/2"]
[WhiteElo "2600"]
[BlackElo "2567"]
[PlyCount "121"]
[EventDate "1998.??.??"]
[EventType "tourn (corr)"]
[EventRounds "14"]
[EventCountry "SWE"]
[EventCategory "12"]
[SourceTitle "Corr 2002"]
[Source "ChessBase"]
[SourceDate "2002.05.23"]
[SourceVersion "1"]
[SourceVersionDate "2002.05.23"]
[SourceQuality "1"]

1. e4 e6 2. d4 d5 3. Nd2 Nf6 4. e5 Nfd7 5. c3 c5 6. f4 Nc6 7. Ndf3 cxd4 8. cxd4 Qb6 9. h4 Bb4+ 10. Kf2 f6 11. Be3 0-0 12. Ne2 Be7 13. Qd2 Qd8 14. Kg1 Nb6 15. exf6 gxf6 16. b3 Bd7 17. h5 Rc8 18. a3 Bd6 19. Qe1 Qe7 20. Nh4 Rf7 21. Rh3 e5 22. Rg3+ Kh8 23. Qf2 e4 24. f5 Bxg3 25. Nxg3 Na5 26. Ng6+ hxg6 27. hxg6 Rff8 28. Nh5 Kg8 29. g4 Nxb3 30. Ra2 Rc1 31. Qh4 Rxf1+ 32. Kxf1 Nc4 33. Bf4 e3 34. Rh2 Ncd2+ 35. Kg2 Qe4+ 36. Kh3 Bxf5 37. Ng3 Bxg6 38. Nxe4 Bxe4 39. Bxe3 Nf3 40. Qg3 Nxh2 41. Kxh2 Na5 42. g5 fxg5 43. Bxg5 Rf3 44. Qc7 Nc4 45. Qe7 Rf7 46. Qe8+ Kg7 47. Bh6+ Kf6 48. Bg5+ Kg7 49. Bh6+ Kf6 50. Kg3 Rh7 51. Kf4 Rf7 52. Kg4 Bf5+ 53. Kh4 Rh7 54. Qf8+ Kg6 55. Qg8+ Kf6 56. Qg5+ Ke6 57. Qf4 Rh8 58. Kg3 Rg8+ 59. Kf2 Rg6 60. Bg5 Be4 61. Ke1 1/2-1/2